000 00962nam a22002777a 4500
005 20170515110318.0
010 _aENG-109915
020 _a9788120349087
_c695.00
035 _aEN-93448
035 _aB-536935-955
035 _aB-663834
037 _bDBAD/PUB
037 _bUBH/Ven
_adpl
037 _bBookwell
_adpl
082 _a657.42
100 _aBanerjee, Bhabatosh
245 0 0 _aCost accounting :
_cby Bhabatosh Banerjee
_btheory and practice /
250 _a13th ed
260 _aDelhi
_bPHI Learning
_c2014
270 _aRimjhim House, 111, Patparganj Industrial Estate
_bDelhi
_e110092
300 _axx,1044p.
_c24cm(pbk)
500 _aIncludes index
942 _2ddc
_cEN
_mBAN
_h657.42
999 _c83971
_d83971